الاحاطة في اخبار غرناطة ;; al ahatat fi akhbar gharnatat / (Record no. 79292)
[ view plain ]
| 000 -LEADER | |
|---|---|
| fixed length control field | 01207nam a2200253 a 4500 |
| 001 - CONTROL NUMBER | |
| control field | 79292 |
| 003 - CONTROL NUMBER IDENTIFIER | |
| rucl marc code | BD-RjUL |
| 005 - DATE AND TIME OF LATEST TRANSACTION | |
| control field | 20220131120112.0 |
| 008 - FIXED-LENGTH DATA ELEMENTS--GENERAL INFORMATION | |
| fixed length control field | 030627s1956 ua 000 0 ara d |
| 035 ## - SYSTEM CONTROL NUMBER | |
| System control number | (BD-RjUL)79292 |
| 040 ## - CATALOGING SOURCE | |
| Original cataloging agency | TAU |
| Language of cataloging | eng |
| Transcribing agency | BD-RjUL |
| 041 0# - LANGUAGE CODE | |
| Language code of text/sound track or separate title | ara |
| 082 ## - DEWEY DECIMAL CLASSIFICATION NUMBER | |
| Edition number | 23 |
| Classification number | 946.02 |
| Author mark and year | ANA 1956 |
| 100 1# - MAIN ENTRY--PERSONAL NAME | |
| Personal name | ابن الخطيب ;;،Ibn al-Khatib |
| Dates associated with a name | م. ١٣٧٤ |
| 9 (RLIN) | 1021 |
| 245 12 - TITLE STATEMENT | |
| Title | الاحاطة في اخبار غرناطة ;; al ahatat fi akhbar gharnatat / |
| Statement of responsibility, etc. | lilisan al diyn bn al khataybi; haqaqah wa qadam lah muhamad abd allah anan ;; للسان الدين بن الخطيب؛ حققه وقدم له محمد عبد الله |
| 260 ## - PUBLICATION, DISTRIBUTION, ETC. (IMPRINT) | |
| Place of publication, distribution, etc. | مصر : misr : |
| Name of publisher, distributor, etc. | دار المعارف، Dar al Muaref , |
| Date of publication, distribution, etc. | [١٩٥٦]1956 |
| 300 ## - PHYSICAL DESCRIPTION | |
| Pagination | -- مجلد (في المكتبة : v. ; |
| Illustrations | المجلد الاول فقط) |
| Size | 22 cm |
| 651 #4 - SUBJECT ADDED ENTRY--GEOGRAPHIC NAME | |
| Geographic name | Granada (Spain : Reino) |
| General subdivision | History |
| 9 (RLIN) | 1023 |
| Geographic name | Granada (Spain : Reino) |
| Form subdivision | Biography |
| 9 (RLIN) | 1024 |
| 700 1# - ADDED ENTRY--PERSONAL NAME | |
| Personal name | عنان، محمد عبد الله، ;; Annan, Muhammad Abdullah, |
| Dates associated with a name | ١٨٩٦-١٩٨٦ |
| 830 #0 - SERIES ADDED ENTRY--UNIFORM TITLE | |
| Uniform title | Arab ammunition ;; ذخائر العرب |
| 942 ## - ADDED ENTRY ELEMENTS (KOHA) | |
| Source of classification or shelving scheme | Dewey Decimal Classification |
| Koha item type | Books |
| Lost status | Source of classification or shelving scheme | Damaged status | Not for loan | Collection code | Permanent Location | Current Location | Shelving location | Date acquired | Source of acquisition | Cost, normal purchase price | Total Checkouts | Full call number | Date last seen | Copy number | Koha item type |
|---|---|---|---|---|---|---|---|---|---|---|---|---|---|---|---|
| Dewey Decimal Classification | Not For Loan | Non-fiction | Central Library, University of Rajshahi | Central Library, University of Rajshahi | Reading Room | 20/10/1954 | Maktubat I Ishaqia, | 40.00 | A 946.02 ANA 1956 | 31/01/2022 | C-1 | Books |